Normal view
MARC view
Entry Personal Name
001 - CONTROL NUMBER
- control field: 233788
003 - CONTROL NUMBER IDENTIFIER
- control field: OSt
005 - DATE AND TIME OF LATEST TRANSACTION
- control field: 20250804151130.0
008 - FIXED-LENGTH DATA ELEMENTS
- fixed length control field: 250804|| aca||aabn | a|a d
040 ## - CATALOGING SOURCE
- Original cataloging agency: OSt
- Transcribing agency: OSt
100 ## - HEADING--PERSONAL NAME
- Personal name: YASHAVANTA CHITTALA.
- Dates associated with a name: ಯಶವಂತ ಚಿತ್ತಾಲ
670 ## - SOURCE DATA FOUND
- Source citation: Work cat.: (OSt)104806: YASHAVANTA CHITTALA. ಯಶವಂತ ಚಿತ್ತಾಲ, Sahityada sapta dhatugalu., 2001